000 01396nam a22001937i 4500
999 _c23118
_d23118
003 AR-CdUCM
008 241108b20172017 pe||||| |||| 00| 0 spa d
040 _aMUNICIPALIDAD PROVINCIAL DEL CUSCO
_cBIBLIOTECA MUNICIPAL DEL CUSCO
100 _aPinto-Bazurco Rittler, Ernesto
_950789
245 _aDiplomacia por la libertad :
_bTestimonio confidencial de un embajador /
260 _aLima :
_bFondo Editorial del Congreso del Perú
_c2017
300 _a402 páginas. :
_c23 cm
505 _aUna Isla a la deriva -- El hundimiento de una nave ha sido, desde antiguo, motivo para una declaración de guerra -- Naciones Unidas: Encuentro cubano-peruano -- Instrucciones especiales -- Sin el SIN (servicio de inteligencia del Perú) y la instancia del míster Turbal -- La isla bella ... y sus automóviles -- Se veía venir tiempos difíciles -- Las utopías en el poder -- La oportuna y delicada misión -- La trama: un caso político policial -- La presión por el éxodo. antes del estallido -- El gran pretexto: el drama de la única muerte -- Convertido en un problema internacional: consolidar la solución acordada -- Invasión a la embajada o éxodo masivo hacia la misión diplomática -- Aún más allá de Cuba y los sucesos
650 _aGuerra
_91007
650 _aInvasión
_93715
650 _aMisión político
_950790
942 _2ddc
_cLIBROS
945 _apbj
_d08-11-2024